[Event "DEM U18w 2025"]
[Site "Willingen GER"]
[Date "2025.06.10"]
[Round "4"]
[White "Jacobasch, Ronja"]
[Black "Schirmer, Sara"]
[Result "1-0"]
[Termination "normal"]
[Board "8"]
[WhiteElo "1861"]
[BlackElo "1630"]
[WhiteClock "00:08:09"]
[BlackClock "00:22:47"]
[PlyCount "128"]
[WhiteFideId "34604340"]
[BlackFideId "16297580"]
[EventCountry "GER"]
[EventRounds "9"]
[EventType "swiss"]
[EventDate "2025.06.07"]

1. d4 {[%clk 01:30:52]} {[%emt 00:00:08]} d5 {[%clk 01:30:19]} {[%emt
00:00:41]} 2. c4 {[%clk 01:31:07]} {[%emt 00:00:15]} e6 {[%clk 01:30:28]}
{[%emt 00:00:21]} 3. Nc3 {[%clk 01:31:16]} {[%emt 00:00:21]} Be7 {[%clk
01:30:44]} {[%emt 00:00:14]} 4. cxd5 {[%clk 01:31:35]} {[%emt 00:00:12]} exd5
{[%clk 01:31:04]} {[%emt 00:00:10]} 5. Nf3 {[%clk 01:31:45]} {[%emt 00:00:19]}
Nf6 {[%clk 01:31:21]} {[%emt 00:00:13]} 6. Bg5 {[%clk 01:31:41]} {[%emt
00:00:34]} Nbd7 {[%clk 01:30:51]} {[%emt 00:01:00]} 7. e3 {[%clk 01:31:04]}
{[%emt 00:01:07]} O-O {[%clk 01:30:59]} {[%emt 00:00:23]} 8. Bd3 {[%clk
01:30:31]} {[%emt 00:01:03]} h6 {[%clk 01:31:10]} {[%emt 00:00:19]} 9. Bh4
{[%clk 01:30:46]} {[%emt 00:00:14]} c6 {[%clk 01:31:25]} {[%emt 00:00:15]} 10.
O-O {[%clk 01:30:39]} {[%emt 00:00:37]} Re8 {[%clk 01:30:48]} {[%emt 00:01:06]}
11. Qc2 {[%clk 01:30:26]} {[%emt 00:00:43]} b6 {[%clk 01:24:55]} {[%emt
00:06:24]} 12. a3 {[%clk 01:19:31]} {[%emt 00:11:25]} Bb7 {[%clk 01:24:17]}
{[%emt 00:01:08]} 13. Rfe1 {[%clk 01:09:42]} {[%emt 00:10:19]} Rc8 {[%clk
01:06:29]} {[%emt 00:18:17]} 14. b4 {[%clk 00:42:08]} {[%emt 00:28:04]} Ne4
{[%clk 00:58:37]} {[%emt 00:08:22]} 15. Bxe7 {[%clk 00:38:32]} {[%emt
00:04:07]} Qxe7 {[%clk 00:57:34]} {[%emt 00:01:33]} 16. Nd2 {[%clk 00:32:39]}
{[%emt 00:06:23]} Ndf6 {[%clk 00:49:36]} {[%emt 00:08:27]} 17. f3 {[%clk
00:30:19]} {[%emt 00:02:51]} Nxc3 {[%clk 00:49:50]} {[%emt 00:00:16]} 18. Qxc3
{[%clk 00:30:40]} {[%emt 00:00:09]} c5 {[%clk 00:48:58]} {[%emt 00:01:22]} 19.
Bb5 {[%clk 00:27:34]} {[%emt 00:03:36]} Red8 {[%clk 00:38:54]} {[%emt
00:10:34]} 20. bxc5 {[%clk 00:26:14]} {[%emt 00:01:50]} bxc5 {[%clk 00:38:04]}
{[%emt 00:01:19]} 21. Qa5 {[%clk 00:22:46]} {[%emt 00:03:59]} Ba8 {[%clk
00:27:48]} {[%emt 00:10:45]} 22. Ba6 {[%clk 00:19:52]} {[%emt 00:03:24]} Rc7
{[%clk 00:23:25]} {[%emt 00:04:52]} 23. Nb3 {[%clk 00:15:58]} {[%emt 00:04:25]}
cxd4 {[%clk 00:23:25]} {[%emt 00:00:31]} 24. Nxd4 {[%clk 00:14:35]} {[%emt
00:01:53]} Rc5 {[%clk 00:17:28]} {[%emt 00:06:26]} 25. Qb4 {[%clk 00:13:52]}
{[%emt 00:01:13]} Qc7 {[%clk 00:15:06]} {[%emt 00:02:49]} 26. Rab1 {[%clk
00:12:03]} {[%emt 00:02:22]} Qa5 {[%clk 00:12:30]} {[%emt 00:03:06]} 27. Nb3
{[%clk 00:08:52]} {[%emt 00:03:41]} Qxb4 {[%clk 00:12:31]} {[%emt 00:00:29]}
28. axb4 {[%clk 00:09:19]} {[%emt 00:00:03]} Rc6 {[%clk 00:11:39]} {[%emt
00:01:21]} 29. Nc5 {[%clk 00:08:41]} {[%emt 00:01:09]} Rb6 {[%clk 00:11:13]}
{[%emt 00:00:55]} 30. Bd3 {[%clk 00:07:03]} {[%emt 00:02:10]} Nd7 {[%clk
00:09:12]} {[%emt 00:02:29]} 31. Nxd7 {[%clk 00:05:51]} {[%emt 00:01:44]} Rxd7
{[%clk 00:09:35]} {[%emt 00:00:07]} 32. b5 {[%clk 00:05:44]} {[%emt 00:00:36]}
Rdd6 {[%clk 00:07:24]} {[%emt 00:02:41]} 33. Ra1 {[%clk 00:05:31]} {[%emt
00:00:44]} Rd7 {[%clk 00:07:07]} {[%emt 00:00:46]} 34. Rec1 {[%clk 00:05:21]}
{[%emt 00:00:40]} Rb8 {[%clk 00:05:34]} {[%emt 00:02:03]} 35. Ra3 {[%clk
00:04:33]} {[%emt 00:01:19]} g6 {[%clk 00:05:28]} {[%emt 00:00:35]} 36. Rca1
{[%clk 00:04:22]} {[%emt 00:00:42]} Rbb7 {[%clk 00:04:51]} {[%emt 00:01:07]}
37. Ra6 {[%clk 00:03:59]} {[%emt 00:00:53]} Kg7 {[%clk 00:01:48]} {[%emt
00:03:32]} 38. b6 {[%clk 00:02:52]} {[%emt 00:01:38]} axb6 {[%clk 00:00:36]}
{[%emt 00:01:42]} 39. Rxa8 {[%clk 00:02:39]} {[%emt 00:00:42]} b5 {[%clk
00:00:58]} {[%emt 00:00:08]} 40. R8a3 {[%clk 00:02:21]} {[%emt 00:00:48]} b4
{[%clk 00:01:14]} {[%emt 00:00:14]} 41. Rb3 {[%clk 00:02:13]} {[%emt 00:00:39]}
d4 {[%clk 00:01:21]} {[%emt 00:00:22]} 42. Be4 {[%clk 00:28:02]} {[%emt
00:04:41]} Rb6 {[%clk 00:31:19]} {[%emt 00:00:30]} 43. Rd1 {[%clk 00:23:35]}
{[%emt 00:04:59]} Rbd6 {[%clk 00:29:52]} {[%emt 00:01:58]} 44. exd4 {[%clk
00:18:05]} {[%emt 00:05:59]} Rxd4 {[%clk 00:30:08]} {[%emt 00:00:14]} 45. Rxd4
{[%clk 00:18:03]} {[%emt 00:00:32]} Rxd4 {[%clk 00:30:32]} {[%emt 00:00:06]}
46. Kf2 {[%clk 00:17:39]} {[%emt 00:00:54]} Rd2+ {[%clk 00:30:01]} {[%emt
00:01:00]} 47. Kg3 {[%clk 00:17:43]} {[%emt 00:00:26]} Rd4 {[%clk 00:30:11]}
{[%emt 00:00:20]} 48. Rd3 {[%clk 00:15:37]} {[%emt 00:02:37]} Rc4 {[%clk
00:27:37]} {[%emt 00:03:04]} 49. Bd5 {[%clk 00:15:04]} {[%emt 00:01:03]} Rc5
{[%clk 00:25:45]} {[%emt 00:02:22]} 50. Bb3 {[%clk 00:14:51]} {[%emt 00:00:44]}
Rg5+ {[%clk 00:24:21]} {[%emt 00:01:54]} 51. Kf2 {[%clk 00:15:06]} {[%emt
00:00:14]} f6 {[%clk 00:22:54]} {[%emt 00:01:57]} 52. Rd7+ {[%clk 00:11:27]}
{[%emt 00:04:09]} Kf8 {[%clk 00:21:25]} {[%emt 00:01:59]} 53. Rf7+ {[%clk
00:11:19]} {[%emt 00:00:38]} Ke8 {[%clk 00:21:47]} {[%emt 00:00:08]} 54. Rxf6
{[%clk 00:11:13]} {[%emt 00:00:36]} Ke7 {[%clk 00:22:08]} {[%emt 00:00:10]} 55.
Rb6 {[%clk 00:11:08]} {[%emt 00:00:34]} Rh5 {[%clk 00:22:30]} {[%emt 00:00:08]}
56. Rxg6 {[%clk 00:09:23]} {[%emt 00:02:16]} Rxh2 {[%clk 00:22:46]} {[%emt
00:00:13]} 57. Kg3 {[%clk 00:09:25]} {[%emt 00:00:28]} Rh1 {[%clk 00:22:47]}
{[%emt 00:00:28]} 58. Rb6 {[%clk 00:09:31]} {[%emt 00:00:25]} h5 {[%clk
00:22:30]} {[%emt 00:00:46]} 59. Rxb4 {[%clk 00:09:44]} {[%emt 00:00:18]} Rb1
{[%clk 00:22:36]} {[%emt 00:00:23]} 60. Re4+ {[%clk 00:09:32]} {[%emt
00:00:42]} Kf6 {[%clk 00:22:44]} {[%emt 00:00:22]} 61. Re6+ {[%clk 00:07:37]}
{[%emt 00:02:26]} Kg5 {[%clk 00:22:50]} {[%emt 00:00:24]} 62. f4+ {[%clk
00:07:32]} {[%emt 00:00:35]} Kf5 {[%clk 00:22:29]} {[%emt 00:00:51]} 63. Bc2+
{[%clk 00:07:44]} {[%emt 00:00:17]} Kxe6 {[%clk 00:22:47]} {[%emt 00:00:12]}
64. Bxb1 {[%clk 00:08:09]} {[%emt 00:00:06]} Kd5 {[%emt 00:01:09]} 1-0

[Event "DEM U18w 2025"]
[Site "Willingen GER"]
[Date "2025.06.10"]
[Round "4"]
[White "Englert, Lin"]
[Black "Czäczine, Laura"]
[Result "1-0"]
[Termination "normal"]
[Board "9"]
[WhiteElo "1797"]
[BlackElo "1903"]
[WhiteClock "00:34:06"]
[BlackClock "00:04:16"]
[PlyCount "84"]
[WhiteFideId "16226410"]
[BlackFideId "16211448"]
[EventCountry "GER"]
[EventRounds "9"]
[EventType "swiss"]
[EventDate "2025.06.07"]

1. d4 {[%clk 01:30:58]} d5 {[%clk 01:30:57]} {[%emt 00:00:04]} 2. c4 {[%clk
01:31:20]} {[%emt 00:00:07]} dxc4 {[%clk 01:31:23]} {[%emt 00:00:05]} 3. e4
{[%clk 01:31:45]} {[%emt 00:00:05]} e5 {[%clk 01:31:47]} {[%emt 00:00:05]} 4.
Nf3 {[%clk 01:32:00]} {[%emt 00:00:15]} exd4 {[%clk 01:31:11]} {[%emt
00:01:06]} 5. Bxc4 {[%clk 01:32:24]} {[%emt 00:00:06]} Nc6 {[%clk 01:31:18]}
{[%emt 00:00:23]} 6. Nbd2 {[%clk 01:30:01]} {[%emt 00:02:53]} Bc5 {[%clk
01:23:19]} {[%emt 00:08:30]} 7. Nb3 {[%clk 01:27:42]} {[%emt 00:02:49]} Bb6
{[%clk 01:21:51]} {[%emt 00:01:57]} 8. Bb5 {[%clk 01:24:34]} {[%emt 00:03:38]}
Bg4 {[%clk 01:19:09]} {[%emt 00:03:12]} 9. Nbxd4 {[%clk 01:14:56]} {[%emt
00:10:08]} Bxf3 {[%clk 01:17:54]} {[%emt 00:01:46]} 10. Bxc6+ {[%clk 01:14:59]}
{[%emt 00:00:27]} bxc6 {[%clk 01:18:14]} {[%emt 00:00:09]} 11. Nxf3 {[%clk
01:15:25]} {[%emt 00:00:03]} Qxd1+ 12. Kxd1 {[%clk 01:15:53]} Bxf2 {[%clk
01:16:47]} {[%emt 00:01:52]} 13. Rf1 {[%clk 01:15:41]} {[%emt 00:00:41]} O-O-O+
{[%clk 01:14:15]} {[%emt 00:03:03]} 14. Kc2 {[%clk 01:13:42]} {[%emt 00:02:29]}
Bb6 {[%clk 01:13:46]} {[%emt 00:01:00]} 15. Ne5 {[%clk 01:12:37]} {[%emt
00:01:34]} f6 {[%clk 00:54:01]} {[%emt 00:20:15]} 16. Nf7 {[%clk 01:12:10]}
{[%emt 00:00:57]} Ne7 {[%clk 00:54:24]} {[%emt 00:00:07]} 17. Nxh8 {[%clk
01:12:32]} {[%emt 00:00:08]} Rxh8 {[%clk 00:54:49]} {[%emt 00:00:05]} 18. Bf4
{[%clk 01:11:18]} {[%emt 00:01:44]} Ng6 {[%clk 00:49:45]} {[%emt 00:05:35]} 19.
Bg3 {[%clk 01:09:37]} {[%emt 00:02:10]} Re8 {[%clk 00:46:58]} {[%emt 00:03:17]}
20. Rae1 {[%clk 01:07:26]} {[%emt 00:02:41]} Nf8 {[%clk 00:44:13]} {[%emt
00:03:15]} 21. e5 {[%clk 01:01:23]} {[%emt 00:06:32]} Ba5 {[%clk 00:42:15]}
{[%emt 00:02:30]} 22. exf6 {[%clk 00:56:56]} {[%emt 00:04:56]} Bxe1 {[%clk
00:40:02]} {[%emt 00:02:44]} 23. fxg7 {[%clk 00:56:22]} {[%emt 00:01:03]} Ne6
{[%clk 00:38:40]} {[%emt 00:01:53]} 24. Rxe1 {[%clk 00:54:22]} {[%emt
00:02:28]} Nxg7 {[%clk 00:35:06]} {[%emt 00:04:05]} 25. Rxe8+ {[%clk 00:54:24]}
{[%emt 00:00:27]} Nxe8 {[%clk 00:35:32]} {[%emt 00:00:05]} 26. Kd3 {[%clk
00:54:35]} {[%emt 00:00:19]} Nf6 {[%clk 00:33:17]} {[%emt 00:02:45]} 27. Be5
{[%clk 00:52:47]} {[%emt 00:02:17]} Nd5 {[%clk 00:32:26]} {[%emt 00:01:22]} 28.
Ke4 {[%clk 00:50:56]} {[%emt 00:02:20]} Kd7 {[%clk 00:28:47]} {[%emt 00:04:10]}
29. Bd4 {[%clk 00:48:10]} {[%emt 00:03:16]} a6 {[%clk 00:25:18]} {[%emt
00:03:59]} 30. Kf5 {[%clk 00:45:26]} Ke7 {[%clk 00:20:35]} {[%emt 00:08:27]}
31. g4 {[%clk 00:41:53]} Kf7 {[%clk 00:14:56]} {[%emt 00:10:12]} 32. h4 {[%clk
00:40:08]} Ne7+ {[%clk 00:11:31]} {[%emt 00:06:11]} 33. Kg5 {[%clk 00:39:19]}
Nd5 {[%clk 00:09:11]} {[%emt 00:04:08]} 34. h5 {[%clk 00:38:20]} Ne7 {[%clk
00:06:59]} {[%emt 00:04:10]} 35. Kh6 {[%clk 00:36:40]} {[%emt 00:02:09]} Kg8
{[%clk 00:07:10]} {[%emt 00:00:21]} 36. Be5 {[%emt 00:00:30]} Nd5 {[%clk
00:06:10]} {[%emt 00:01:31]} 37. Bd4 {[%clk 00:35:14]} {[%emt 00:01:54]} Ne7
{[%clk 00:04:58]} {[%emt 00:01:43]} 38. a3 {[%clk 00:35:06]} {[%emt 00:00:37]}
Nd5 {[%emt 00:01:13]} 39. Kg5 Kf8 40. Kf5 Kf7 41. g5 Ne7+ 42. Kf4 Nd5+ {[%clk
00:04:16]} 1/2-1/2

[Event "DEM U18w 2025"]
[Site "Willingen GER"]
[Date "2025.06.10"]
[Round "4"]
[White "von Beckh, Frieda"]
[Black "Stepanjan, Marianne"]
[Result "1-0"]
[Termination "normal"]
[Board "10"]
[WhiteElo "1799"]
[BlackElo "1712"]
[WhiteClock "00:31:30"]
[BlackClock "00:26:20"]
[PlyCount "95"]
[WhiteFideId "16233751"]
[BlackFideId "16246110"]
[EventCountry "GER"]
[EventRounds "9"]
[EventType "swiss"]
[EventDate "2025.06.07"]

1. e4 {[%clk 01:30:58]} {[%emt 00:00:02]} c5 {[%clk 01:30:57]} {[%emt
00:00:03]} 2. Nc3 {[%clk 01:31:23]} {[%emt 00:00:05]} Nc6 {[%clk 01:31:23]}
{[%emt 00:00:04]} 3. f4 {[%clk 01:31:47]} {[%emt 00:00:05]} g6 {[%clk
01:31:48]} {[%emt 00:00:06]} 4. Nf3 {[%clk 01:32:11]} {[%emt 00:00:05]} Bg7
{[%clk 01:32:14]} {[%emt 00:00:05]} 5. Bb5 {[%clk 01:32:36]} {[%emt 00:00:05]}
Nd4 {[%clk 01:32:22]} {[%emt 00:00:22]} 6. O-O {[%clk 01:32:58]} {[%emt
00:00:08]} a6 {[%clk 01:31:38]} {[%emt 00:01:14]} 7. Be2 {[%clk 01:32:23]}
{[%emt 00:01:05]} e6 {[%clk 01:29:19]} {[%emt 00:02:48]} 8. d3 {[%clk
01:28:21]} {[%emt 00:04:31]} Ne7 {[%clk 01:27:21]} {[%emt 00:02:29]} 9. Nb1
{[%clk 01:26:51]} {[%emt 00:02:00]} O-O {[%clk 01:24:48]} {[%emt 00:03:04]} 10.
c3 {[%clk 01:26:50]} {[%emt 00:00:30]} Nxe2+ {[%clk 01:21:54]} {[%emt
00:03:25]} 11. Qxe2 {[%clk 01:27:12]} {[%emt 00:00:06]} d5 {[%clk 01:21:41]}
{[%emt 00:00:44]} 12. Be3 {[%clk 01:23:21]} {[%emt 00:04:17]} b6 {[%clk
01:17:08]} {[%emt 00:05:07]} 13. Nbd2 {[%clk 01:18:51]} {[%emt 00:04:59]} Bb7
{[%clk 01:15:57]} {[%emt 00:01:42]} 14. Bf2 {[%clk 01:10:56]} {[%emt 00:08:24]}
d4 {[%clk 01:01:12]} {[%emt 00:15:16]} 15. cxd4 {[%clk 01:10:27]} {[%emt
00:01:00]} Bxd4 {[%clk 00:58:12]} {[%emt 00:03:30]} 16. Nxd4 {[%clk 01:10:07]}
{[%emt 00:00:49]} cxd4 {[%clk 00:58:16]} {[%emt 00:00:27]} 17. Nf3 {[%clk
01:07:14]} {[%emt 00:03:21]} Nc6 {[%clk 00:57:10]} {[%emt 00:01:37]} 18. Bh4
{[%clk 01:06:05]} {[%emt 00:01:38]} Qd7 {[%clk 00:50:43]} {[%emt 00:06:58]} 19.
Bf6 {[%clk 01:05:24]} {[%emt 00:01:11]} a5 {[%clk 00:46:37]} {[%emt 00:04:36]}
20. Qf2 {[%clk 01:01:01]} {[%emt 00:04:52]} Rfc8 {[%clk 00:45:43]} {[%emt
00:01:25]} 21. Qh4 {[%clk 00:59:45]} {[%emt 00:01:44]} Qe8 {[%clk 00:43:08]}
{[%emt 00:03:07]} 22. g4 {[%clk 00:34:40]} {[%emt 00:25:34]} Qf8 {[%clk
00:40:16]} {[%emt 00:03:22]} 23. g5 {[%clk 00:32:58]} {[%emt 00:02:12]} Ba6
{[%clk 00:36:09]} {[%emt 00:04:38]} 24. Rad1 {[%clk 00:27:22]} {[%emt
00:06:06]} Nb4 {[%clk 00:34:55]} {[%emt 00:01:45]} 25. Ne5 {[%clk 00:26:39]}
{[%emt 00:01:10]} Rc7 {[%clk 00:28:47]} {[%emt 00:06:39]} 26. Ng4 {[%clk
00:24:59]} h5 {[%clk 00:27:39]} {[%emt 00:03:49]} 27. gxh6 {[%clk 00:25:00]}
{[%emt 00:00:30]} Kh7 {[%clk 00:25:18]} {[%emt 00:02:51]} 28. Bg7 {[%clk
00:24:24]} {[%emt 00:01:05]} f5 {[%clk 00:20:29]} {[%emt 00:05:19]} 29. Nf6+
{[%clk 00:23:52]} {[%emt 00:01:02]} Qxf6 {[%clk 00:20:52]} {[%emt 00:00:07]}
30. Qxf6 {[%clk 00:24:13]} {[%emt 00:00:08]} Bxd3 {[%clk 00:20:15]} {[%emt
00:01:08]} 31. Rf3 {[%clk 00:21:28]} {[%emt 00:03:15]} Be2 {[%clk 00:15:45]}
{[%emt 00:05:01]} 32. Rg3 {[%clk 00:18:03]} {[%emt 00:03:54]} Bh5 {[%clk
00:15:58]} {[%emt 00:00:18]} 33. exf5 {[%clk 00:17:37]} {[%emt 00:00:56]} exf5
{[%clk 00:16:18]} {[%emt 00:00:10]} 34. Bf8 {[%clk 00:11:30]} {[%emt 00:06:35]}
Nd5 {[%clk 00:12:52]} {[%emt 00:03:56]} 35. Qd6 {[%clk 00:09:31]} {[%emt
00:02:29]} Rac8 {[%clk 00:08:11]} {[%emt 00:05:10]} 36. Re1 {[%clk 00:06:33]}
{[%emt 00:03:30]} Ne3 {[%clk 00:06:22]} {[%emt 00:02:19]} 37. Kh1 {[%clk
00:01:26]} {[%emt 00:05:37]} Rf7 {[%clk 00:04:36]} {[%emt 00:02:16]} 38. Bg7
{[%clk 00:01:23]} {[%emt 00:00:33]} Rc2 {[%clk 00:03:40]} {[%emt 00:01:21]} 39.
Bxd4 {[%clk 00:01:16]} {[%emt 00:00:42]} Ng4 {[%clk 00:02:58]} {[%emt
00:01:12]} 40. Rxg4 {[%clk 00:00:53]} {[%emt 00:00:53]} Bxg4 {[%clk 00:03:17]}
{[%emt 00:00:11]} 41. Qd5 {[%clk 00:00:34]} {[%emt 00:00:49]} Rcc7 {[%clk
00:01:17]} {[%emt 00:02:29]} 42. Qd8 {[%clk 00:00:39]} {[%emt 00:00:25]} Kxh6
{[%clk 00:00:49]} {[%emt 00:00:58]} 43. Qh4+ {[%clk 00:01:03]} {[%emt
00:00:06]} Bh5 {[%clk 00:01:08]} {[%emt 00:00:11]} 44. Qg5+ {[%clk 00:01:09]}
{[%emt 00:00:19]} Kh7 {[%clk 00:01:18]} {[%emt 00:00:25]} 45. Re8 {[%clk
00:01:02]} {[%emt 00:00:37]} Rc1+ {[%clk 00:28:09]} {[%emt 00:03:40]} 46. Kg2
{[%clk 00:31:24]} {[%emt 00:00:07]} Rc2+ {[%clk 00:28:02]} {[%emt 00:00:38]}
47. Kg3 {[%clk 00:31:06]} {[%emt 00:00:44]} Rg7 {[%clk 00:26:20]} {[%emt
00:02:16]} 48. Rh8+ {[%clk 00:31:30]} {[%emt 00:00:05]} 1-0

[Event "DEM U18w 2025"]
[Site "Willingen GER"]
[Date "2025.06.10"]
[Round "4"]
[White "Ottlik, Marie"]
[Black "Ulrich, Helena Irene"]
[Result "1/2-1/2"]
[Termination "normal"]
[Board "11"]
[WhiteElo "1744"]
[BlackElo "1841"]
[WhiteClock "00:21:12"]
[BlackClock "00:35:13"]
[PlyCount "55"]
[WhiteFideId "16281730"]
[BlackFideId "16256000"]
[EventCountry "GER"]
[EventRounds "9"]
[EventType "swiss"]
[EventDate "2025.06.07"]

1. e4 {[%clk 01:30:57]} {[%emt 00:00:03]} c5 {[%clk 01:30:58]} {[%emt
00:00:02]} 2. Nf3 {[%clk 01:31:21]} {[%emt 00:00:06]} Nc6 {[%clk 01:31:24]}
{[%emt 00:00:03]} 3. d4 {[%clk 01:31:45]} {[%emt 00:00:06]} cxd4 {[%clk
01:31:50]} {[%emt 00:00:05]} 4. Nxd4 {[%clk 01:32:10]} {[%emt 00:00:04]} Nf6
{[%clk 01:32:17]} {[%emt 00:00:03]} 5. Nc3 {[%clk 01:32:34]} {[%emt 00:00:07]}
e5 {[%clk 01:32:39]} {[%emt 00:00:08]} 6. Ndb5 {[%clk 01:32:52]} {[%emt
00:00:12]} d6 {[%clk 01:32:58]} {[%emt 00:00:12]} 7. Bg5 {[%clk 01:32:54]}
{[%emt 00:00:27]} a6 {[%clk 01:33:21]} {[%emt 00:00:07]} 8. Na3 {[%clk
01:33:06]} {[%emt 00:00:18]} b5 {[%clk 01:33:48]} {[%emt 00:00:03]} 9. Nd5
{[%clk 01:33:28]} {[%emt 00:00:08]} Be7 {[%clk 01:34:16]} {[%emt 00:00:02]} 10.
Bxf6 {[%clk 01:33:40]} {[%emt 00:00:17]} Bxf6 {[%clk 01:34:44]} {[%emt
00:00:03]} 11. c3 {[%clk 01:33:53]} {[%emt 00:00:17]} Bg5 {[%clk 01:35:11]}
{[%emt 00:00:02]} 12. Nc2 {[%clk 01:34:06]} {[%emt 00:00:17]} Rb8 {[%clk
01:35:37]} {[%emt 00:00:05]} 13. Be2 {[%clk 01:32:03]} {[%emt 00:02:33]} O-O
{[%clk 01:34:31]} {[%emt 00:01:35]} 14. Nce3 {[%clk 01:26:32]} {[%emt
00:06:01]} Be6 {[%clk 01:26:23]} {[%emt 00:08:39]} 15. O-O {[%clk 01:24:54]}
{[%emt 00:02:08]} Ne7 {[%emt 00:03:36]} 16. Bg4 {[%clk 01:04:14]} {[%emt
00:21:08]} Bxd5 {[%clk 00:52:26]} {[%emt 00:31:22]} 17. Nxd5 {[%clk 01:03:59]}
{[%emt 00:00:45]} Nxd5 {[%clk 00:52:37]} {[%emt 00:00:19]} 18. Qxd5 {[%clk
01:03:49]} {[%emt 00:00:41]} Qb6 {[%clk 00:52:08]} {[%emt 00:00:59]} 19. Rad1
{[%clk 00:47:13]} {[%emt 00:17:05]} Rfd8 {[%clk 00:41:40]} {[%emt 00:10:58]}
20. Rd3 {[%clk 00:39:12]} {[%emt 00:08:30]} Qc5 {[%clk 00:35:56]} {[%emt
00:06:15]} 21. Qxc5 {[%clk 00:29:56]} {[%emt 00:09:47]} dxc5 {[%clk 00:36:22]}
{[%emt 00:00:04]} 22. Rxd8+ {[%clk 00:21:30]} {[%emt 00:08:55]} Rxd8 {[%clk
00:36:47]} {[%emt 00:00:04]} 23. Rd1 {[%clk 00:21:53]} {[%emt 00:00:07]} Rxd1+
{[%clk 00:35:13]} {[%emt 00:02:04]} 24. Bxd1 {[%clk 00:21:11]} {[%emt
00:01:12]} Bc1 {[%clk 00:34:42]} {[%emt 00:01:02]} 25. b3 {[%clk 00:21:36]}
{[%emt 00:00:05]} Bb2 {[%clk 00:35:09]} {[%emt 00:00:04]} 26. c4 {[%clk
00:21:47]} {[%emt 00:00:19]} b4 {[%clk 00:35:08]} {[%emt 00:00:31]} 27. Bg4
{[%clk 00:21:06]} {[%emt 00:01:10]} Kf8 {[%clk 00:35:13]} {[%emt 00:00:25]} 28.
Bc8 {[%clk 00:21:12]} {[%emt 00:00:24]} 1/2-1/2